000 00372nam a22001577a 4500
003 macl
005 20230302133359.0
008 230302b |||||||| |||| 00| 0 eng d
040 _cmacl
082 _a900/BIS
100 _aBisht Naveen
_981797
245 _aUttarakhand A state study Guide
260 _aDelhi
_bHawk Press
_c2018
650 _aHistory
942 _2ddc
_cBK
999 _c65962
_d65962